[Event "Penang Mini op 2nd"]
[Site "Penang"]
[Date "2019.06.05"]
[Round "1"]
[White "Teh, Rui Zhe"]
[Black "Ong, Yi Herng Joel"]
[Result "1/2-1/2"]
[WhiteElo "1406"]
[BlackElo "1779"]
[PlyCount "61"]
[EventDate "2019.06.05"]
[EventType "swiss"]
[EventRounds "9"]
[EventCountry "MAS"]
[SourceTitle "CBM 190 Extra"]
[Source "ChessBase"]
[SourceDate "2019.07.15"]
[SourceVersion "1"]
[SourceVersionDate "2019.07.15"]
[SourceQuality "1"]

1. e4 e6 2. d4 d5 3. Nc3 Nf6 4. e5 Nfd7 5. f4 c5 6. Nf3 Nc6 7. Be3 a6 8. Qd2 b5 9. dxc5 Bxc5 10. a3 Qb6 11. Bxc5 Nxc5 12. Bd3 Bd7 13. Qf2 b4 14. axb4 Nxb4 15. 0-0 Rb8 16. f5 Ncxd3 17. Qxb6 Rxb6 18. cxd3 Nxd3 19. fxe6 Bxe6 20. Rfd1 Nf4 21. Ra4 Ng6 22. Nxd5 Bxd5 23. Rxd5 Rxb2 24. Rxa6 0-0 25. Rad6 h6 26. Rd2 Rxd2 27. Rxd2 Re8 28. Rd5 Kf8 29. Kf2 Re6 30. Ke3 Ke7 31. g3 1/2-1/2